Indira Gandhi : (Record no. 133945)
[ view plain ]
| 000 -LEADER | |
|---|---|
| fixed length control field | 00674nam a22002177a 4500 |
| 005 - DATE AND TIME OF LATEST TRANSACTION | |
| control field | 20170124110217.0 |
| 010 ## - LIBRARY OF CONGRESS CONTROL NUMBER | |
| LC control number | A-709777 |
| 020 ## - INTERNATIONAL STANDARD BOOK NUMBER | |
| Terms of availability | 50.00 |
| International Standard Book Number | 0861321162 |
| 035 ## - SYSTEM CONTROL NUMBER | |
| System control number | A-709777 |
| 037 ## - SOURCE OF ACQUISITION | |
| Source of stock number/acquisition | Cen Lib/Ret |
| 040 ## - CATALOGING SOURCE | |
| Original cataloging agency | DPL |
| Language of cataloging | EN |
| 082 ## - DEWEY DECIMAL CLASSIFICATION NUMBER | |
| Classification number | 921 |
| Item number | KHW |
| 100 ## - MAIN ENTRY--PERSONAL NAME | |
| Personal name | Khwaja Ahmad Abbas |
| 9 (RLIN) | 39342 |
| 245 ## - TITLE STATEMENT | |
| Title | Indira Gandhi : |
| Statement of responsibility, etc | by Khwaja Ahmad Abbas |
| Remainder of title | the last post / |
| 260 ## - PUBLICATION, DISTRIBUTION, ETC. (IMPRINT) | |
| Place of publication, distribution, etc | Bombay |
| Name of publisher, distributor, etc | Popular Prakashan |
| Date of publication, distribution, etc | 1985 |
| 270 ## - ADDRESS | |
| Address | 35-C, Pandit Madan Mohan Malviya Marg, Tardeo |
| City | Bombay |
| Postal code | 400 034 |
| 300 ## - PHYSICAL DESCRIPTION | |
| Extent | vii,116p. |
| Dimensions | 20cm(Hb) |
| 650 ## - SUBJECT ADDED ENTRY--TOPICAL TERM | |
| Topical term or geographic name as entry element | Gandhi, Indira -- 1917-1984 |
| 9 (RLIN) | 105503 |
| 650 ## - SUBJECT ADDED ENTRY--TOPICAL TERM | |
| Topical term or geographic name as entry element | Prime ministers |
| 9 (RLIN) | 16267 |
| 942 ## - ADDED ENTRY ELEMENTS (KOHA) | |
| Source of classification or shelving scheme | Dewey Decimal Classification |
| Koha item type | English Books |
| Classification part | 921 |
| Call number suffix | KHW |
| Withdrawn status | Lost status | Damaged status | Not for loan | Collection code | Home library | Current library | Date acquired | Source of acquisition | Cost, normal purchase price | Total Checkouts | Full call number | Barcode | Date last seen | Copy number | Cost, replacement price | Price effective from | Koha item type |
|---|---|---|---|---|---|---|---|---|---|---|---|---|---|---|---|---|---|
| Not For Loan | Reference | Central Library | Central Library | 28/07/2015 | Cen Lib/Ret | 50.00 | 921 KHW | A-709777 | 28/07/2015 | 1 | 50.00 | 28/07/2015 | English Books |
